000 01058nab a2200229 4500
003 AR-RoBPED
005 20260330093334.0
008 260330b |||||||| |||| 00| 0 spa d
040 _aAR-RoBPED
041 _aspa
100 1 _aMariano, Eliana
_928538
_eLicenciada y profesora en Artes
245 1 _aDiseñar secuencias didácticas en Educación Artística :
_bel oficio de narrar historias ( Con finales abiertos) /
260 _aBuenos Aires :
_bNoveduc,
_c2025
300 _a32-36 p.
500 _aEn el presente texto, se ofrecen algunos interrogantes, y también algunas metáforas visuales, que lleven a pensar sobre los modos de engarzar una propuesta con las siguientes, en una planificación de Educación Artística.
650 0 _aPROPUESTA DIDÁCTICA
_922005
650 7 _aEDUCACION ARTISTICA
_93
650 7 _aNIVEL INICIAL
_91213
773 0 _020414
_941863
_dBuenos Aires : Noveduc, 1993-
_tNovedades Educativas
_w(AR-RoBPED)20414
_x03283534
942 _2udc
_cREV
_h37(05)
_mNov 86 N° 403 (Ago.2025)
_ak.32475
945 _amar 03/2026
999 _c32475
_d32475